[Event "BCF-chT4 2223 (4NCL)"]
[Site "England"]
[Date "2023.03.26"]
[Round "9.52"]
[White "Deacon, Nicholas"]
[Black "Luntc, Iana"]
[Result "1-0"]
[WhiteElo "1488"]
[BlackElo "1200"]
[PlyCount "61"]
[EventDate "2022.11.05"]
[EventType "team-swiss"]
[EventRounds "11"]
[EventCountry "ENG"]
[SourceTitle "EXT 2024"]
[Source "ChessBase"]
[SourceDate "2023.10.10"]
[SourceVersion "1"]
[SourceVersionDate "2023.10.10"]
[SourceQuality "1"]
[WhiteTeam "Wessex Some Stars II"]
[BlackTeam "Celtic Tigers III"]
[WhiteTeamCountry "ENG"]
[BlackTeamCountry "ENG"]

1. d4 Nf6 2. c4 g6 3. Nc3 Bg7 4. e4 d6 5. f3 0-0 6. Be3 e5 7. d5 b6 8. Qd2 h6 9. Bxh6 Ne8 10. h4 f5 11. Bg5 Nf6 12. h5 Qe8 13. h6 Bh8 14. 0-0-0 Nh7 15. Bd3 f4 16. Bh4 g5 17. Bf2 g4 18. fxg4 Bxg4 19. Nf3 Nd7 20. Rdg1 Ndf6 21. Ne1 Nh5 22. g3 Qf7 23. gxf4 Qxf4 24. Be3 Qf7 25. Rxg4+ Ng7 26. hxg7 Bxg7 27. Bh6 Qf2 28. Rxg7+ Kh8 29. Rxh7+ Kg8 30. Qg5+ Kxh7 31. Qg7# 1-0